A fellazult norma kérdései a Vasöntödében
Elmentve itt :
| Dokumentumtípus: | Cikk |
|---|---|
| Megjelent: |
1955-06-29
|
| Sorozat: | Délmagyarország
|
| Kulcsszavak: | Vasöntöde termelési norma 1955 Szeged |
| Online Access: | http://dmarchiv.bibl.u-szeged.hu/52836 |
| LEADER | 00430nab a2200145 i 4500 | ||
|---|---|---|---|
| 001 | delm52836 | ||
| 005 | 20180927141931.0 | ||
| 008 | 180927s1955 hu o 0|| hun d | ||
| 040 | |a SZTE Délmagyarország Archívum |b hun | ||
| 041 | |a hun | ||
| 245 | 0 | 2 | |a A fellazult norma kérdései a Vasöntödében |h [elektronikus dokumentum] |
| 260 | |c 1955-06-29 | ||
| 300 | |a 3 | ||
| 490 | 0 | |a Délmagyarország | |
| 695 | |a Vasöntöde termelési norma 1955 Szeged | ||